Statistics for 20 countries by shape in 90 seconds

Click here to take the quiz!

General Stats

  • This quiz has been taken 3 times
  • The average score is 7 of 20

Answer Stats

Answer% Correct
Argentina
100%
Australia
100%
Burundi
100%
Finland
100%
Hungary
100%
Iran
100%
Ivory Coast
100%
Kazakhstan
100%
Madagascar
100%
Mongolia
100%
Norway
100%
Poland
100%
Portugal
100%
Russia
100%
Somalia
100%
Spain
100%
Trinidad and Tobago
100%
Vatican
100%
Mexico
50%
Afghanistan
0%
Albania
0%
Algeria
0%
Andorra
0%
Angola
0%
Antigua and Barbuda
0%
Arménie
0%
Austria
0%
Azerbaijan
0%
Bahamas
0%
Bahrain
0%
Bangladesh
0%
Barbados
0%
Belarus
0%
Belgium
0%
Belize
0%
Benin
0%
Bhutan
0%
Bolivia
0%
Bosnia-Herzegovina
0%
Botswana
0%
Botswana
0%
Brazil
0%
Brunei Darussalam
0%
Bulgaria
0%
Burkina Faso
0%
Cambodia
0%
Cameroon
0%
Canada
0%
Cape Verde
0%
Central African Republic
0%
Chad
0%
Chile
0%
China
0%
Colombia
0%
Comoros
0%
Costa Rica
0%
Croatia
0%
Cuba
0%
Cyprus
0%
Czech Republic
0%
Democratic Republic of Congo
0%
Denmark
0%
Djibouti
0%
Dominican Republic
0%
Dominique
0%
East Timor
0%
Ecuador
0%
Egypt
0%
El Salvador
0%
Equatorial Guinea
0%
Eritrea
0%
Estonia
0%
Eswatini
0%
Ethiopia
0%
Fiji
0%
France
0%
Gabon
0%
Gambia
0%
Georgia
0%
Germany
0%
Ghana
0%
Greece
0%
Grenada
0%
Guatemala
0%
Guinea
0%
Guinea-Bissau
0%
Guyana
0%
Haiti
0%
Honduras
0%
Iceland
0%
India
0%
Indonesia
0%
Iraq
0%
Ireland
0%
Israel
0%
Italy
0%
Jamaica
0%
Japan
0%
Jordan
0%
Kenya
0%
Kiribati
0%
Kosovo
0%
Kuwait
0%
Kyrgyzstan
0%
Laos
0%
Latvia
0%
Lebanon
0%
Lesotho
0%
Liberia
0%
Libya
0%
Liechtenstein
0%
Lithuania
0%
Luxembourg
0%
Malawi
0%
Malaysia
0%
Maldives
0%
Mali
0%
Malta
0%
Marshall Islands
0%
Mauritania
0%
Mauritius
0%
Micronesia
0%
Moldova
0%
Monaco
0%
Montenegro
0%
Morocco
0%
Mozambique
0%
Myanmar
0%
Namibia
0%
Nauru
0%
Nepal
0%
Netherlands
0%
New Zealand
0%
Nicaragua
0%
Niger
0%
Nigeria
0%
Northern Macedonia
0%
North Korea
0%
Oman
0%
Pakistan
0%
Palau
0%
Palestine
0%
Panama
0%
Papua New Guinea
0%
Paraguay
0%
Peru
0%
Philippines
0%
Qatar
0%
Republic of Congo
0%
Romania
0%
Rwanda
0%
Saint Kitts and Nevis
0%
Saint Lucia
0%
Saint Vincent and the Grenadines
0%
Samoa
0%
San Marino
0%
Sao Tome and Principe
0%
Saudi Arabia
0%
Senegal
0%
Serbia
0%
Seychelles
0%
Sierra leone
0%
Singapore
0%
Slovakia
0%
Slovenia
0%
Solomon Islands
0%
South Africa
0%
South Korea
0%
South Sudan
0%
Sri lanka
0%
Sudan
0%
Surinam
0%
Sweden
0%
Switzerland
0%
Syria
0%
Tajikistan
0%
Tanzania
0%
Thailand
0%
Togo
0%
Tonga
0%
Tunisia
0%
Turkey
0%
Turkmenistan
0%
Tuvalu
0%
Uganda
0%
Ukraine
0%
United Arab Emirates
0%
United Kingdom
0%
United States
0%
Uruguay
0%
Uzbekistan
0%
Vanuatu
0%
Venezuela
0%
Vietnam
0%
Yemen
0%
Zambia
0%
Zimbabwe
0%

Score Distribution

Percentile by Number Answered

Percent of People with Each Score

Your Score History

You have not taken this quiz